Personnages l'Attaque des titans (Images) - Statistiques

Statistiques générales
  • Ce quiz a été pris 69 fois
  • Le résultat moyen est 20 sur 27
Statistiques - réponses
Par images Réponse % Correct
Eren Jäger
100%
Mikasa Ackerman
100%
Livaï Ackerman
95%
Armin Arlert
92%
Annie Leonhart
89%
Erwin Smith
87%
Jean Kirstein
87%
Sasha Braus
85%
Historia Reiss
84%
Reiner Braun
82%
Grisha Jäger
79%
Ymir Fritz
79%
Dot Pixis
77%
Conny Springer
76%
Hansi Zoé
73%
Sieg Jäger
73%
Bertolt Hoover
71%
Kenny Ackerman
71%
Falco Grice
66%
Gaby Braun
63%
Hannes
63%
Porco Gaillard
56%
Rhodes Ress
52%
Peak Finger
42%
Jelena
39%
Keith Shadis
37%
Tom Xaver
37%
Aucun quiz correspondant
Distribution des résultats
% des personnes avec chaque résultat
Percentile par nombre de réponses
Votre historique - résultats
Vous n’avez pas pris ce quiz